| 000 | 01307nam a2200277 i 4500 | ||
|---|---|---|---|
| 001 | 131296 | ||
| 003 | ES-MaACL | ||
| 005 | 20250405233814.0 | ||
| 007 | t| | ||
| 008 | 070214s1968 sp r ||||1| spa d | ||
| 100 | 1 |
_aRobledo García, María Natividad. _997918 |
|
| 245 | 1 | 3 |
_aEl mundo clásico en el pensamiento español contemporáneo _b: Unamuno, A. Machado, Baroja y Pérez de Ayala : tesis doctoral / _cMª Natividad Robledo García ; [director] Santiago Montero Díaz. |
| 260 |
_aMadrid : _bFacultad de Filosofía y Letras de la Universidad de Madrid, _c1968. |
||
| 300 |
_a200 p. ; _c25 cm. |
||
| 502 | _aTesis-Univ. de Madrid, leída en 1965. | ||
| 600 | 1 | 4 |
_aUnamuno, Miguel de, _d1864-1936- _xCrítica e interpretación _9111984 |
| 600 | 1 | 4 |
_aMachado, Antonio, _d1875-1939- _xCrítica e interpretación _975154 |
| 600 | 1 | 4 |
_aBaroja, Pío, _d1872-1956- _xCrítica e interpretación _925756 |
| 600 | 1 | 7 |
_aPérez de Ayala, Ramón, _d1880-1962- _xCrítica e interpretación _2 _9138868 |
| 650 | 4 |
_aLiteratura española- _xInfluencia clásica. _9172380 |
|
| 700 | 1 |
_aMontero Díaz, Santiago, _d1911-1985 _982517 |
|
| 710 | 2 |
_aUniversidad Central (Madrid). _bFacultad de Filosofía y Letras. _97092 |
|
| 852 |
_aES-MaACL _jC-35507 |
||
| 852 |
_aES-MaACL _jC-36921 |
||
| 999 |
_c131296 _d131296 |
||